000 00280nam a2200121Ia 4500
008 231129s9999||||xx |||||||||||||| ||spa||
040 _bspa
082 _a808.3876 V315p
100 _aVarley John
245 0 _aLa persistencia de la vision
264 _aOrbis
942 _2ddc
_cBKS
999 _c17902
_d17902